|
|
|
|
| LEADER |
00990nam a2200241 a 4500 |
| 001 |
1109048 |
| 008 |
090614s1994 enka b 001 0 eng d |
| 010 |
|
|
|a 93047175
|
| 020 |
|
|
|a 0077078659
|
| 040 |
|
|
|a DLC
|c DLC
|d DLC
|
| 082 |
0 |
0 |
|a 658.4/0355
|2 20
|
| 100 |
1 |
|
|a Pecar, Branko,
|d 1953-
|
| 245 |
1 |
0 |
|a Business forecasting for management /
|c Branko Pecar ; advisory editors, Glyn Davis and Simon Lillystone.
|
| 260 |
|
|
|a London ;
|a New York :
|b McGraw-Hill,
|c c1994.
|
| 300 |
|
|
|a iii, 235 p. :
|b ill. ;
|c 23 cm.
|
| 504 |
|
|
|a Includes bibliographical references (p. 223-224) and index.
|
| 541 |
1 |
|
|e 00011758
|
| 650 |
|
0 |
|a Business forecasting
|x Statistical methods.
|
| 700 |
1 |
|
|a Davis, Glyn.
|
| 700 |
1 |
|
|a Lillystone, Simon.
|
| 852 |
4 |
|
|a Ayesha Abed Library
|j General Shelf.
|
| 999 |
|
|
|c 1647
|d 1647
|
| 952 |
|
|
|0 0
|1 0
|2 ddc
|4 0
|6 658_403550000000000_PEC
|7 0
|9 1512
|a BRACUL
|b BRACUL
|c GEN
|d 2009-06-28
|g 0.00
|l 0
|o 658.40355 PEC
|p 3010011758
|r 2009-06-28
|t 1
|w 2009-06-28
|y BK
|x No price found in the accession register.
|